|
|
|
|
| LEADER |
00000ny a22000003n 4500 |
| 005 |
20110524111325.0 |
| 008 |
961114s1996 sp s 000 0 spa c |
| 017 |
|
|
|a B18361-1996
|
| 020 |
|
|
|a 8476983891
|
| 035 |
|
|
|a 1203
|
| 040 |
|
|
|a UCM.DER
|d vLex
|
| 040 |
|
|
|a UMA.RE
|d vLex
|
| 080 |
|
|
|a 159.97
|
| 090 |
|
|
|c 196
|d 196
|
| 100 |
1 |
|
|a Homs Sanz de la Garza, Joaquim
|
| 245 |
1 |
0 |
|a Transtorno mental transitorio y drogas que inciden en la imputabilidad
|h [Recurso electrn̤ico]
|c Joaquim Homs Sanz de la Garza
|
| 256 |
|
|
|a Servicio en ln̕ea
|
| 260 |
|
|
|a Barcelona :
|b Bosch,
|c 1996
|
| 300 |
|
|
|a 530 p. ;
|c 24 cm
|
| 506 |
1 |
|
|a Contenido solo disponible en los productos indicados
|d vLex Global
|d vLex Global (Academic Edition, excluding Law Schools)
|d vLex Global (U.S. Academic Edition, Law Schools)
|d vLex Global (U.S. Academic Edition, excluding Law Schools)
|d vLex Global (Academic Edition, Law Schools)
|
| 650 |
0 |
7 |
|a Penal
|2 Tesauro vLex
|
| 650 |
0 |
7 |
|a Responsabilidad penal
|2 Tesauro vLex
|
| 650 |
0 |
7 |
|a Trastorno mental transitorio
|2 Tesauro vLex
|
| 650 |
0 |
7 |
|a Toxicomana̕
|2 Tesauro vLex
|
| 740 |
0 |
|
|a vLex Libros (Servicios en ln̕ea)
|
| 856 |
4 |
0 |
|u http://vlex.com/source/1203
|z Acceso restringido
|
| 942 |
|
|
|c BOOK
|
| 999 |
0 |
|
|a Criminal liability
|b Barcelona
|